Colorado Avalanche Roster 24-25 - Statistics

General Stats
  • This quiz has been taken 130 times
    48 since last reset
  • The average score is 13 of 25
Answer Stats
# Player % Correct
29 Nathan MacKinnon
100%
8 Cale Makar
95%
39 Mackenzie Blackwood
91%
88 Martin Necas
82%
41 Scott Wedgewood
82%
7 Devon Toews
73%
92 Gabriel Landeskog
73%
11 Brock Nelson
64%
49 Samuel Girard
59%
42 Josh Manson
55%
20 Ross Colton
55%
13 Valerie Nichushkin
50%
10 Charlie Coyle
45%
18 Jack Drury
45%
27 Jonathan Drouin
45%
25 Logan O'Connor
45%
62 Artturi Lehkonen
41%
6 Erik Johnson
41%
28 Miles Wood
41%
17 Parker Kelly
41%
94 Joel Kiviranta
36%
70 Sam Malinski
36%
67 Keaton Middleton
18%
5 Ryan Lindgren
14%
26 Jimmy Vesey
9%
No matching quizzes found
Score Distribution
Percent of People with Each Score
Percentile by Number Answered
Your Score History
You have not taken this quiz since the last reset